[Event "Tata Steel"]
[Site "Wijk aan Zee 77"]
[Date "2015.01.16"]
[Round "6"]
[White "Caruana, Fabiano"]
[Black "Carlsen, Magnus"]
[Result "0-1"]
[WhiteElo "2820"]
[BlackElo "2862"]
[Annotator "JvR"]
[PlyCount "78"]
[EventDate "2015.01.10"]
[EventCountry "NED"]

1. e4 c5 2. Nf3 Nc6 3. Bb5 g6 4. Bxc6 dxc6 5. d3 Bg7 6. h3 Nf6 7. Nc3 b6 8. Be3
e5 $6 9. O-O $6 (9. Nxe5 $1 Nxe4 10. Qf3 f5 11. Bf4 {favours White.}) 9... O-O
10. a3 Qe7 11. Qb1 $5 ({Known is} 11. Qe2) 11... Nh5 $5 12. b4 f5 $6 {Carlsen
makes a premature move.} ({Preferable is} 12... Nf4 $1) 13. bxc5 f4 14. Bd2
bxc5 15. Qb3+ $6 (15. Na4 $1 {keeps a plus.}) 15... Be6 16. Qa4 Rac8 $5 ({More
solid is} 16... Qd7) 17. Qa5 g5 $1 {He gives a pawn for he attack!} 18. Na4 g4
19. hxg4 Bxg4 20. Qxc5 Qf6 21. Nh2 $5 f3 $1 22. Nxg4 ({The pointe is} 22. gxf3
$2 Bxf3 $1) 22... Qg6 23. Qe7 $1 fxg2 24. Rfb1 Qxg4 25. Qg5 Qe2 26. Qe3 Qg4 27.
Qg5 Qxg5 $1 {He plays for a win.} 28. Bxg5 Nf4 29. Bxf4 $2 ({Right is} 29. Kh2
$1 Bf6 30. Bh6 Bg7 {and a repetition of moves.}) 29... exf4 30. Kxg2 f3+ 31.
Kf1 $2 (31. Kh3 $5 Bxa1 32. Rxa1 Kf7 33. Nc5 {offers more resistance (Stohl).})
31... Rf4 $1 32. c3 Rd8 $1 33. d4 Bh6 34. Ke1 Rxe4+ 35. Kd1 c5 $1 36. Kc2 (36.
Nxc5 Re2 {wins for Black.}) 36... cxd4 37. Kd3 Re2 38. c4 Rxf2 39. Rd1 Re2 {
Carlsen defeated the world's numbers two and three in two successive rounds.}
0-1

[Event "Tata Steel"]
[Site "Wijk aan Zee 77"]
[Date "2015.01.17"]
[Round "7"]
[White "Carlsen, Magnus"]
[Black "Hou, Yifan"]
[Result "1-0"]
[WhiteElo "2862"]
[BlackElo "2673"]
[Annotator "JvR"]
[PlyCount "107"]
[EventDate "2015.01.10"]
[EventCountry "NED"]

{Two world champions meet.} 1. e4 c5 2. Nf3 Nc6 3. d4 cxd4 4. Nxd4 e5 5. Nb5 d6
6. c4 Be7 7. N1c3 a6 8. Na3 Be6 9. Nc2 Bg5 10. Be2 Bxc1 11. Rxc1 Nf6 12. O-O
O-O 13. Qd2 Qb6 14. Rfd1 Rfd8 15. b3 h6 16. h3 $5 Qa7 17. Bf3 Ne7 18. Ne3 Nc6
19. Bg4 Nd4 20. Bxe6 fxe6 $1 21. Nc2 Nxc2 22. Rxc2 Rd7 23. Qe2 Rad8 24. Rd3 Qc5
25. Na4 Qc6 26. Re3 b6 27. Nb2 Rf7 28. Rd2 Nd7 29. Nd3 a5 $6 ({Preferable is} 
29... Qb7) 30. Nb2 $1 Nc5 31. Nd1 Rdf8 32. Qe1 Rd8 33. Nc3 Rfd7 34. Qd1 Na6 35.
Qh5 $1 Nc7 $6 ({More active is} 35... Nc5 $5) 36. Rg3 Kh8 37. Rdd3 Re7 38. Rg6
Qe8 39. Rdg3 Rdd7 $6 ({Correct is} 39... Qf8) 40. Nd1 $6 (40. Na4 $1 Na8 41.
Qg4 {restricts the black position.}) 40... Rf7 41. Qe2 Rf4 42. Qe3 b5 43. Nb2
$1 Rdf7 44. c5 $1 Qc6 45. Nd3 b4 46. Qe2 Rh4 47. R6g4 Rxg4 48. Qxg4 Kg8 49. Qh5
Nb5 50. Rg4 $2 (50. cxd6 Nxd6 51. Qxh6 Nxe4 52. Qg6 $1 Nxg3 53. Qxf7+ Kxf7 54.
Nxe5+ Kf6 55. Nxc6 {gains a pawn (Stumenkovic).}) 50... Nc3 51. Qxh6 Nxe4 $2 (
51... Qxe4 $1 52. Rxe4 gxh6 53. Rg4+ Kh7 54. cxd6 Rd7 55. Nxe5 Rxd6 {almost
equalises.}) 52. Qxe6 Nxf2 $2 (52... Nxc5 {prolongs the game.}) 53. Nxe5 $1
Nxh3+ 54. Kh2 $1 {Carlsen and Ivanchuk joined the lead by 5/7.} 1-0

[Event "Tata Steel"]
[Site "Wijk aan Zee 77"]
[Date "2015.01.18"]
[Round "8"]
[White "Jobava, Baadur"]
[Black "Carlsen, Magnus"]
[Result "0-1"]
[WhiteElo "2727"]
[BlackElo "2862"]
[Annotator "JvR"]
[PlyCount "100"]
[EventDate "2015.01.10"]
[EventCountry "NED"]

1. b3 g6 2. Bb2 Nf6 3. Nc3 Bg7 4. d4 c5 5. e3 cxd4 6. exd4 d5 7. Qd2 $5 Nc6 8.
f3 h5 $5 9. Bb5 Qd6 10. Nge2 Bh6 11. Qd1 Bf5 12. Bc1 Bxc1 13. Rxc1 Rc8 14. Qd2
O-O 15. Bxc6 bxc6 16. Na4 Rfe8 17. O-O e5 18. c3 h4 19. dxe5 Rxe5 20. b4 $1
Rce8 21. Nd4 h3 22. g3 Bc8 23. Nc5 Nd7 24. Nd3 R5e7 25. Rfe1 c5 26. bxc5 Nxc5
27. Nf4 Rxe1+ 28. Rxe1 Rxe1+ 29. Qxe1 Ne6 30. Nfxe6 Bxe6 31. Kf2 Bd7 32. Qb1
Qc7 33. Qb3 Bc8 34. a3 a5 35. Qb2 $5 Ba6 36. Nc2 Qa7+ 37. Ne3 Bc4 38. f4 Kh7
39. g4 $5 Qe7 40. Qc1 $5 Qe4 41. f5 Qf4+ 42. Kg1 gxf5 43. gxf5 Bd3 44. Qe1 Bxf5
45. Nxf5 $2 ({Better is} 45. Qf2 $1 Qg5+ 46. Qg3 Qxg3+ 47. hxg3 Be6 48. Kh2 Kg6
49. g4) 45... Qxf5 46. Qg3 Kh6 $1 47. Qb8 Qf3 48. Qh8+ Kg6 49. Qg8+ Kf6 50.
Qd8+ Ke5 {Carlsen took the sole lead.} (50... Ke5 51. Qe7+ Kf4 52. Qxf7+ Ke3
53. Qxf3+ Kxf3 {wins for Black (Ftacnik).}) 0-1

[Event "Tata Steel"]
[Site "Wijk aan Zee 77"]
[Date "2015.01.18"]
[Round "8"]
[White "Vachier Lagrave, Maxime"]
[Black "Giri, Anish"]
[Result "1-0"]
[WhiteElo "2757"]
[BlackElo "2784"]
[Annotator "JvR"]
[PlyCount "65"]
[EventDate "2015.01.10"]
[EventCountry "NED"]

1. e4 e5 2. Nf3 Nc6 3. Bb5 Nf6 4. d3 Bc5 5. Nbd2 Nd4 6. Nxd4 Bxd4 7. c3 Bb6 8.
Nc4 O-O 9. O-O d5 10. exd5 Qxd5 11. Nxb6 axb6 12. Bc4 Qd6 13. Bg5 $5 Bg4 14.
Qd2 Nd7 $1 15. d4 exd4 $6 ({Preferable is} 15... Be6) 16. cxd4 {The white
bishops have been activated.} Nf6 17. Bf4 Qd7 18. Be5 $1 Be6 $6 (18... b5 19.
Bb3 c5 20. Bc2 c4 {counters on the queenside.}) 19. Bxf6 gxf6 20. d5 $1 c6 $2 (
{Better is} 20... Bf5 21. Qb4 Rfd8) 21. Qh6 $1 {White has a decisive attack on
the kingside.} cxd5 22. Rad1 Qe7 23. Bd3 f5 24. Rfe1 Ra4 25. Bxf5 Rh4 26. Qe3
Re8 27. Bxe6 fxe6 28. Rxd5 $1 exd5 29. Qxe7 Rxe7 30. Rxe7 Rc4 31. g3 Rc2 32. b3
d4 33. Rd7 $1 {He wins the rook endgame easily.} 1-0

[Event "Tata Steel"]
[Site "Wijk aan Zee 77"]
[Date "2015.01.20"]
[Round "9"]
[White "Carlsen, Magnus"]
[Black "Radjabov, Teimour"]
[Result "1-0"]
[WhiteElo "2862"]
[BlackElo "2734"]
[Annotator "JvR"]
[PlyCount "79"]
[EventDate "2015.01.10"]
[EventCountry "NED"]

1. e4 e5 2. Nf3 Nc6 3. Bb5 Nf6 4. d3 Bc5 5. O-O d6 6. Nbd2 O-O 7. Bxc6 bxc6 8.
h3 h6 9. Re1 Re8 10. Nf1 a5 $5 (10... d5 {happened in Adams - Kramnik, Paris
2013.}) 11. Ng3 Rb8 12. b3 Bb4 13. Bd2 Ra8 $5 14. c3 Bc5 15. d4 Bb6 $5 16. dxe5
dxe5 17. c4 Nh7 $5 ({Preferable is} 17... Bd4 $1 18. Nxd4 exd4) 18. Qe2 $5 Nf8
19. Be3 c5 $5 20. Rad1 Qf6 21. Nh5 Qe7 22. Nh2 Kh7 $5 23. Qf3 f6 24. Ng4 Bxg4
25. Qxg4 Red8 $6 ({Better is} 25... g6 $1 26. Ng3 a4 {(Tadic).}) 26. Qf5+ Kh8
27. f4 $1 Rxd1 28. Rxd1 exf4 29. Bxf4 Qe6 $2 (29... Re8 30. Rd3 Ne6 31. Bxh6
gxh6 32. Qg6 Rf8 33. Nf4 $1 Qg7 $1 {defends properly.}) 30. Rd3 $1 Re8 31. Nxg7
$1 Kxg7 32. Qh5 $1 Nh7 ({Or} 32... Qxe4 33. Rg3+ Ng6 34. Qxh6+ Kf7 35. Qh7+ Ke6
36. Re3) 33. Bxh6+ Kh8 34. Qg6 Qg8 35. Bg7+ $1 Qxg7 36. Qxe8+ Qf8 37. Qe6 Qh6
38. e5 Qc1+ 39. Kh2 Qf4+ 40. Rg3 {Carlsen led by one point after six wins in a
row. He will draw the remaining games.} 1-0

[Event "Tata Steel"]
[Site "Wijk aan Zee 77"]
[Date "2015.01.20"]
[Round "9"]
[White "Giri, Anish"]
[Black "Ding, Liren"]
[Result "1-0"]
[WhiteElo "2784"]
[BlackElo "2732"]
[Annotator "JvR"]
[PlyCount "149"]
[EventDate "2015.01.10"]
[EventCountry "NED"]

1. c4 g6 2. d4 Nf6 3. Nc3 Bg7 4. e4 d6 5. Nf3 O-O 6. Be2 e5 7. d5 a5 8. Bg5 h6
9. Bh4 Na6 10. Nd2 Bd7 11. O-O Qe8 12. b3 Nh7 13. f3 h5 14. a3 Bh6 15. Rb1 Nc5
16. Qc2 f5 17. b4 axb4 18. axb4 Na4 19. Nd1 $1 {Giri's novelty makes a slight
improvement.} ({Usual is} 19. Nb5 Bxb5 20. cxb5) 19... g5 $5 20. Bf2 g4 21.
fxg4 $5 Bxd2 $2 ({Correct is} 21... hxg4 $1 22. exf5 Bxf5 23. Bd3 Bxd3 24. Qxd3
Qh5) 22. Qxd2 f4 23. gxh5 {White has a material advantage.} Ng5 24. Bh4 $1 {He
has to return a pawn.} ({Not} 24. Bf3 $4 Nxf3+ 25. gxf3 Qxh5) 24... Nxe4 25.
Qc2 Bf5 26. g4 $1 Ng3 ({The pointe is} 26... fxg3 $2 27. Rxf5 $1 Rxf5 28. Qxe4
{(Giri).}) 27. gxf5 Nxf1 28. Kxf1 e4 29. f6 Kh8 ({Or} 29... f3 30. Bxf3 $1 exf3
31. Qg6+ Qxg6 32. hxg6) 30. Nf2 $5 f3 31. Bd1 Qxh5 32. Qxe4 Nc3 33. Qd4 $1 Rf7
(33... Nxb1 $2 34. f7+ Kh7 35. Bc2+ Kh6 36. Qf4+ Kg7 37. Qf6#) 34. Qxc3 Qxh4
35. Bxf3 Ra2 $5 36. Rb2 $5 Rxb2 37. Qxb2 Qxf6 38. Qxf6+ Rxf6 39. Kg2 {The
endgame will take a long time.} Rf8 40. b5 Kg7 41. Ne4 b6 42. h4 Ra8 43. h5
Ra2+ 44. Kf1 Kh6 45. Be2 Ra8 46. Kf2 Rf8+ 47. Ke3 Rf7 48. Bf3 Rf8 49. Kf2 Ra8
50. Be2 Ra3 51. Nf6 Ra8 52. Ke3 Rf8 53. Ne4 Ra8 54. Kf4 Rf8+ 55. Kg3 Ra8 56.
Nf2 Ra2 57. Bd1 Rb2 58. Ne4 Rb1 59. Be2 Rb2 60. Kf2 Ra2 61. Ke3 Ra8 62. Bg4 Ra4
63. Kf4 $1 Rxc4 64. Bd7 Kxh5 65. Kf5 Kh6 66. Bc6 Kg7 67. Ng5 Rh4 68. Ke6 Kg6
69. Nf3 Rf4 70. Nd2 Kg5 71. Ke7 Rf5 72. Ne4+ Kf4 73. Nf6 Ke5 74. Nd7+ Kd4 75.
Kd8 {Giri started a winning streak.} 1-0

[Event "Tata Steel"]
[Site "Wijk aan Zee 77"]
[Date "2015.01.23"]
[Round "11"]
[White "Giri, Anish"]
[Black "Van Wely, Loek"]
[Result "1-0"]
[WhiteElo "2784"]
[BlackElo "2667"]
[Annotator "JvR"]
[PlyCount "103"]
[EventDate "2015.01.10"]
[EventCountry "NED"]

1. e4 d6 2. d4 Nf6 3. Nc3 g6 4. f4 Bg7 5. Bd3 e5 6. dxe5 dxe5 7. Nf3 exf4 8.
Bxf4 O-O 9. Qd2 Nc6 10. O-O-O Ng4 $5 ({Theory is} 10... Be6) 11. Nd5 Nce5 12.
h3 Nxf3 $5 13. gxf3 Ne5 14. Be2 Be6 15. Bg5 $5 ({Preferable is} 15. Qe3 $1 c6
16. Bg5 Qa5 17. Nf6+ Kh8 18. f4) 15... f6 16. Be3 c6 17. f4 $1 Nf7 18. f5 $1
gxf5 $5 19. Nf4 $1 Qxd2+ 20. Bxd2 $1 Rae8 21. Rhg1 Kh8 ({Not} 21... fxe4 $2 22.
Nxe6 Rxe6 23. Bc4 $1) 22. Rxg7 $6 {This move should have cost the advantage.}
Kxg7 23. Nh5+ Kg6 $2 ({Right is} 23... Kh8 $1 24. Bc3 Ne5 25. Nxf6 Rxf6 26.
Bxe5 Kg7) 24. Rg1+ Ng5 25. Nf4+ Kg7 26. h4 h6 27. Bh5 $5 Bf7 28. exf5 Bxh5 29.
Nxh5+ Kf7 30. hxg5 fxg5 $2 (30... hxg5 31. Bc3 Re3 $1 32. Bxf6 Rh3 33. Rxg5
Rxh5 34. Rxh5 Kxf6 {probably draws (Szabo).}) 31. Ng3 $5 Rd8 32. Rh1 Rd4 33.
Rxh6 Rfd8 34. Rh7+ Kg8 35. Rh2 Rg4 36. Ne2 Rd5 37. Rf2 Kf7 38. b3 b5 39. b4 c5
$5 40. a3 $5 cxb4 41. axb4 a5 42. Nc3 Re5 43. bxa5 b4 44. Na2 Rxa5 45. Nxb4
Rg1+ $5 46. Kb2 g4 47. Nd3 Rb5+ 48. Kc3 g3 49. Rf3 Rb7 50. Bf4 g2 51. Rg3 Re7
$5 52. Ne5+ $1 {Giri had defeated Saric in the previous round and will win
against So in the next round. He reached the sole second place at the end of
the penultimate round.} 1-0

[Event "Tata Steel"]
[Site "Wijk aan Zee 77"]
[Date "2015.01.25"]
[Round "13"]
[White "Aronian, Levon"]
[Black "Ding, Liren"]
[Result "0-1"]
[WhiteElo "2797"]
[BlackElo "2732"]
[Annotator "JvR"]
[PlyCount "110"]
[EventDate "2015.01.10"]
[EventCountry "NED"]

{Carlsen and Giri produced draws in the last round.} 1. c4 g6 2. d4 Nf6 3. Nc3
Bg7 4. e4 d6 5. Nf3 O-O 6. h3 e5 7. d5 Nh5 8. g3 f5 9. exf5 gxf5 10. Ng5 Qe8
11. c5 Nf6 12. Bb5 $5 Qe7 13. g4 $5 Na6 $1 14. Ne6 Bxe6 15. dxe6 Nxc5 16. g5 $2
({Correct is} 16. gxf5 c6 17. Rg1 Kh8 18. Bd3) 16... Ne8 17. Nd5 Qxe6 18. b4
Ne4 19. Bxe8 Qxe8 20. f3 Ng3 21. Rg1 f4 22. Nxc7 Qe7 23. Qb3+ Kh8 24. Ne6 Rfe8
25. Nxg7 Kxg7 26. Bb2 Qxg5 27. Rd1 Rad8 28. Rd5 Qf5 29. Kd2 Qxh3 30. Kc1 Qf5
31. Bc3 h5 32. Kb2 h4 33. Qd1 h3 34. Qd2 Kf7 35. Re1 Qf6 36. Qc2 Nf5 37. Rd2
Rg8 38. Qe4 b6 39. Rh1 Rh8 40. Qb7+ Qe7 41. Qa6 Ng3 42. Rhh2 Rd7 43. Rc2 Rc7
44. Qd3 Qe6 45. Ka3 Nf5 46. Bd2 Rxc2 47. Qxc2 Nd4 48. Qd3 Qd5 49. Kb2 b5 50.
Bc3 Qxf3 51. Qb1 Qg3 52. Rd2 h2 53. Bxd4 h1=Q 54. Qf5+ Ke7 55. Qc2 Qd5 {Ding
Liren joined the second place.} 0-1

[Event "Tata Steel"]
[Site "Wijk aan Zee 77"]
[Date "2015.01.25"]
[Round "13"]
[White "Caruana, Fabiano"]
[Black "Vachier Lagrave, Maxime"]
[Result "0-1"]
[WhiteElo "2820"]
[BlackElo "2757"]
[Annotator "JvR"]
[PlyCount "70"]
[EventDate "2015.01.10"]
[EventCountry "NED"]

1. e4 c5 2. Nf3 d6 3. d4 cxd4 4. Nxd4 Nf6 5. Nc3 a6 6. h3 e5 7. Nde2 h5 8. g3
Be6 9. Bg2 Nbd7 10. a4 Be7 11. O-O Rc8 12. Be3 Nb6 $5 {Vachier Lagrave makes
an aggressive move.} ({Known is} 12... Nc5) 13. b3 d5 $1 {A pawn sacrifice
follows.} 14. Bxb6 Qxb6 15. Nxd5 Nxd5 16. exd5 Bd7 {Maxime has reached the end
of his preparation.} 17. c4 Qd6 $5 {He wants to win.} 18. a5 $5 f5 19. Qd3 h4
20. g4 $6 {He weakens his kingside.} O-O 21. Nc3 $6 ({Preferable is} 21. gxf5
Bxf5 22. Qd2 {(Vachier-Lagrave).}) 21... e4 $1 22. Qe3 Bd8 $1 23. Bxe4 $5 {The
pawns have to be stopped by a sacrifice.} fxe4 $5 24. Nxe4 Qf4 25. Qxf4 Rxf4
26. f3 Be7 27. Kf2 Rcf8 28. Ke3 Be8 $1 29. c5 Bb5 30. b4 $1 Rxe4+ $1 {The king
is lured forwards.} 31. Kxe4 Re8 $1 32. Kf4 ({Or} 32. Kd4 Bf6#) 32... g5+ 33.
Kf5 Kf7 $1 34. Rfe1 Bd3+ 35. Re4 (35. Ke5 Bxc5# {catches the king.}) 35... Bf6
{Vachier-Lagrave delivers mate in one. He joined the second place.} 0-1

[Event "Tata Steel"]
[Site "Wijk aan Zee 77"]
[Date "2015.01.25"]
[Round "13"]
[White "So, Wesley"]
[Black "Van Wely, Loek"]
[Result "1-0"]
[WhiteElo "2762"]
[BlackElo "2667"]
[Annotator "JvR"]
[PlyCount "63"]
[EventDate "2015.01.10"]
[EventCountry "NED"]

1. d4 Nf6 2. c4 e6 3. Nf3 c5 4. d5 d6 5. Nc3 exd5 6. cxd5 g6 7. Bf4 a6 8. a4
Bg7 9. h3 O-O 10. e3 Nh5 11. Bh2 f5 12. Be2 f4 13. Qd2 Bh6 14. e4 Bg7 $5 ({
Known is} 14... Kg7) 15. O-O Nd7 16. Ne1 Ndf6 $6 ({Preferable is} 16... Qf6)
17. Nd3 Qe8 $5 18. Rfe1 g5 $2 (18... c4 $1 19. Nc1 Qe5 20. Bxc4 Qg5 {gives a
pawn for activity.}) 19. e5 $1 dxe5 20. d6 Kh8 21. Bd1 $5 g4 $2 (21... Nd7 $1
22. Ne4 c4 23. Nb4 {(So)} Ndf6 24. Nxg5 Bf5 {defends well.}) 22. Rxe5 Qg6 23.
Nxf4 Nxf4 24. Bxf4 gxh3 25. Rg5 Qf7 26. Be5 Bd7 $5 27. Bb3 $1 Be6 28. Bxe6 Qxe6
29. Re1 Qf7 30. Nd5 Nh5 $5 31. Bxg7+ Nxg7 32. Re7 $1 {So joined the second
place too. The final standings became: Carlsen 9/13, Vachier-Lagrave, Giri, So
and Ding Liren 81/2, Ivanchuk 71/2, Caruana 7, Radjabov 6, Wojtaszek and
Aronian 51/2, Hou Yifan 5, Saric 41/2, Van Wely 4, Jobava 3.} 1-0

[Event "Tata Steel B"]
[Site "Wijk aan Zee 77"]
[Date "2015.01.11"]
[Round "2"]
[White "Wei, Yi"]
[Black "Potkin, Vladimir"]
[Result "1-0"]
[WhiteElo "2675"]
[BlackElo "2608"]
[Annotator "JvR"]
[PlyCount "71"]
[EventDate "2015.01.10"]
[EventCountry "NED"]

{The most remarkable player among the 14 Challengers was the 15-years-old
Chinese Wei Yi.} 1. e4 e6 2. d4 d5 3. Nc3 Nf6 4. e5 Nfd7 5. f4 c5 6. Nf3 Nc6 7.
Be3 a6 8. Qd2 b5 9. Bd3 b4 10. Na4 c4 11. Be2 c3 12. Qd1 cxb2 13. Nxb2 Be7 14.
O-O O-O 15. Bd3 f5 $6 (15... a5 {was played in Motylev - Wang Hao, Guangzhou
2010.}) 16. g4 $1 a5 ({An interesting line is} 16... fxg4 $5 17. Nd2 h5 18. Bg6
Rf5 19. Bxf5 exf5 20. Rc1 {and White has little advantage.}) 17. gxf5 exf5 18.
Qe2 Nb6 19. Kh1 a4 20. Rg1 {Both players are active on the flanks.} a3 21. Nd1
Na4 $6 ({More solid is} 21... Be6) 22. Rg3 $5 {He wants to attack.} Rf7 23. Qg2
Nc3 $2 ({Better is} 23... Nb2 $1 24. Nf2 g6 {(Wei Yi).}) 24. Nxc3 bxc3 25. Bb5
$1 Qb6 26. Rg1 $1 Bf8 27. Rh3 $1 g6 ({The pointe is} 27... Qxb5 28. Rxh7 Kxh7
29. Qg6+ Kg8 30. Ng5) 28. Ng5 $1 Qxb5 29. Nxf7 Ne7 30. Nh6+ Bxh6 31. Rxh6 {
White has gained an exchange and continues the attack.} Ra7 32. Qh3 Qe2 33.
Rxh7 Qxc2 34. Rh8+ Kf7 35. Qh7+ Ke6 36. Rxg6+ $1 {Wei Yi charged brilliantly.}
(36. Rxg6+ Kd7 37. Qxe7+ Kxe7 38. Rg7+ Ke6 39. Rh6# {finishes elegantly.}) 1-0

[Event "Tata Steel B"]
[Site "Wijk aan Zee 77"]
[Date "2015.01.24"]
[Round "12"]
[White "Wei, Yi"]
[Black "Haast, Anne"]
[Result "1-0"]
[WhiteElo "2675"]
[BlackElo "2352"]
[Annotator "JvR"]
[PlyCount "51"]
[EventDate "2015.01.10"]
[EventCountry "NED"]

{Wei Yi plays against the Dutch female champion.} 1. e4 c5 2. Nf3 e6 3. d4 cxd4
4. Nxd4 Nc6 5. Nc3 Qc7 6. Be3 a6 7. Qf3 Ne5 8. Qg3 h5 9. O-O-O h4 10. Qh3 b5
11. f4 Nc4 12. Bxc4 Qxc4 13. f5 Bb7 14. Rhf1 e5 15. Nb3 Qc7 16. Kb1 $5 (16. Bg5
$1 {was played in Saric - Giri (round 10).}) 16... Rc8 $2 (16... Nf6 $1 17. Nd5
Bxd5 18. exd5 {(Ftacnik)} Rc8 19. c3 Rh5 {achieves equality.}) 17. f6 $1 Nxf6
18. Rxf6 $1 gxf6 19. Bb6 $1 Qc6 (19... Qxb6 $2 20. Qxd7# {ends quickly.}) 20.
Na5 Qe6 21. Nxb7 Rb8 $2 {Exchange of queens prolongs the game.} 22. Nd5 $1 Rxb7
23. Qc3 $1 Qc6 24. Nxf6+ $1 {The young Chinese plays brilliantly.} Ke7 ({Or} 
24... Qxf6 25. Qc8+ Ke7 26. Bc5+) 25. Bd8+ $1 Ke6 ({The pointe is} 25... Kxd8
26. Qxc6) 26. Qh3# {Anne Haast allows a charming finish. Wei Yi won the
Challengers Group and will play in the Masters next year.} 1-0